| 000 | 00537nam a2200181Ia 4500 | ||
|---|---|---|---|
| 003 | GCL | ||
| 008 | 140319s9999 xx 000 0 ara d | ||
| 040 |
_aGCL / _cGCL |
||
| 082 | 0 | 4 |
_a101 _bل ل |
| 100 | 1 | _aلطفى العربى | |
| 245 | 1 | 0 |
_aلماذا الفلسفة ? / _cلطفى العربى |
| 260 |
_a[S.N] : _bالمنشورات للانتاج والتوزيع ، _c1993 |
||
| 300 | _a102 ص | ||
| 490 |
_aاعلام وقضايا فلسفية _v0 |
||
| 650 | 0 | 4 | _aالفلسفة |
| 650 | 0 | 4 | _aنظريات |
| 942 |
_2ddc _cBK |
||
| 999 |
_c53083 _d53083 |
||